000
00279nam a2200109Ia 4500
005
20251222114343.0
008
251222s1900||||xx |||||||||||||| ||spa||
082
_a
DVD0110/B94/2005
245
0
_a
Charlie y la fábrica de chocolate
264
_b
Village Roadshow Pictures
942
_c
DVD
999
_c
936
_d
936